Nombre de mots dans les expressions (click quiz) - Statistiques

Statistiques générales
  • Ce quiz a été pris 78 fois
  • Le résultat moyen est 7 sur 8
Statistiques - réponses
Hint Réponse % Correct
Aller et venir 3
99%
Rentrer comme dans du beurre 5
99%
Ne pas y aller avec le dos de la cuiller 10
96%
Parties honteuses 2
95%
En avoir plein la bouche de quelque chose 8
93%
Partie de bordelaise en cent trente 6
92%
Les avoir bien accrochées 4
89%
Avoir sur le bout de la langue 7
75%
Aucun quiz correspondant
Distribution des résultats
% des personnes avec chaque résultat
Percentile par nombre de réponses
Votre historique - résultats
Vous n’avez pas pris ce quiz